Доверие: роман; пер. с нем.

Bibliografiske detaljer
Hovedforfatter: Зегерс А. Анна
Andre forfattere: Девекин В. (автор послесловия)
Sprog:russisk
Udgivet: Москва, Прогресс, 1969
Fag:
Format: MixedMaterials Bog
KOHA link:https://koha.lib.tpu.ru/cgi-bin/koha/opac-detail.pl?biblionumber=157118

MARC

LEADER 00000nam0a2200000 4500
001 157118
005 20231031153523.0
035 |a (RuTPU)RU\TPU\book\170407 
090 |a 157118 
100 |a 20090403d1969 m y0rusy50 ca 
101 1 |a rus  |c ger 
102 |a RU 
105 |a a z 000ay 
200 1 |a Доверие  |e роман  |e пер. с нем.  |f А. Зегерс  |g авт. послесл. В. Девекин 
210 |a Москва  |c Прогресс  |d 1969 
215 |a 400 с.  |c ил. 
610 1 |a немецкая литература 
610 1 |a романы 
675 |a 83  |v 3 
700 1 |a Зегерс  |b А.  |c Seghers  |c немецкая писательница  |f 1900-1983  |g Анна  |2 stltpush  |3 (RuTPU)RU\TPU\pers\20854 
702 1 |a Девекин  |b В.  |4 075 
801 1 |a RU  |b 63413507  |c 20090403  |g PSBO 
942 |c BK